000
00300nam a22001217a 4500
082
_a
530
_b
RES/P
100
_a
RESONANCE
245
_a
RANK BOOSTER PHYSICS
_b
CLASS XI & XII
260
_a
KOTA
_b
RESONANCE EDUVENTURES
_c
2018
300
_a
443
650
_a
NEET PHYSICS ENTRANCE COACHING
_z
INDIA
942
_c
BK
999
_c
972
_d
972